Слова из пяти слогов - Армагеддон - Statistics

General Stats
  • This quiz has been taken 62 times
  • The average score is 2 of 11
Answers on the Grid
Answers color-coded by a green-red scale on the quiz's grid according to % correct below.
Молокозавод
Эсхатология
Коэффициент
Судостроение
Туберкулёз
Диван-кровать
Антропоцентризм
Читательница
Теоретизация
Шизофрения
Кибербуллинг
Птица-секретарь
Второсортный
Плащ-палатка
Каменоломня
Водоворот
Долгоносик
Хламидомонада
Эхолокация
Черносотенец
Многопартийность
Нереальность
Батисфера
Разгерметизация
Делопроизводство
Шиворот-навыворот
Либерализация
Притязание
Меченосец
Цветомузыка
 
Answer Stats
Answer % Correct
Молокозавод
89%
Коэффициент
16%
Антропоцентризм
14%
Шизофрения
11%
Читательница
8%
Каменоломня
5%
Черносотенец
5%
Птица-секретарь
3%
Многопартийность
3%
Притязание
3%
Цветомузыка
3%
No matching quizzes found
Score Distribution
Percent of People with Each Score
Percentile by Number Answered
Your Score History
You have not taken this quiz